Bros - Wolf Alice Lyrics - Statistics

General Stats
  • This quiz has been taken 34 times
  • The average score is 158 of 215
Answer Stats
Lyrics % Correct
you
95%
You
95%
you.
95%
you,
95%
I
86%
like
86%
we
86%
We
86%
and
82%
are
82%
Are
82%
do.
82%
do
82%
hair,
82%
hair?
82%
I'm
82%
me
82%
me?
82%
Me
82%
Me,
82%
me,
82%
your
82%
best
77%
friend.
77%
fun.
77%
have
77%
lucky,
77%
my
77%
no
77%
on?
77%
our
77%
so
77%
some
77%
still
77%
the
77%
boys
73%
but
73%
care.
73%
didn't
73%
everyone.
73%
Forget
73%
forget
73%
lights
73%
looked
73%
lovers
73%
mothers
73%
Oh,
73%
one,
73%
one
73%
Shake
73%
cut
68%
knows
68%
past
68%
quite
68%
who
68%
all
64%
both
64%
not
64%
out
64%
tell
64%
there's
64%
time
64%
time,
64%
wild
64%
43.
59%
always
59%
it
59%
jump
59%
Remember
59%
that
59%
beasts.
55%
by
55%
other
55%
Raised
55%
together
55%
when
55%
wolves
55%
better,
50%
got
50%
keep
50%
plans.
50%
Stick
50%
could
45%
strong.
45%
sure.
45%
I'll
41%
safe.
41%
mad
36%
mad.
36%
No matching quizzes found
Score Distribution
Percent of People with Each Score
Percentile by Number Answered
Your Score History
You have not taken this quiz